[Event "Oberliga Ost-A 2122"]
[Site "Germany"]
[Date "2022.05.08"]
[Round "8.5"]
[White "Roesemann, Rainer"]
[Black "Jahnel, Guenther"]
[Result "1-0"]
[WhiteElo "2262"]
[BlackElo "2185"]
[PlyCount "69"]
[EventDate "2021.10.10"]
[EventType "team-tourn"]
[EventRounds "11"]
[EventCountry "GER"]
[SourceTitle "EXT 2023"]
[Source "ChessBase"]
[SourceDate "2022.10.05"]
[SourceVersion "1"]
[SourceVersionDate "2022.10.05"]
[SourceQuality "1"]
[WhiteTeam "Leipzig SG"]
[BlackTeam "Hoyerswerda"]
[WhiteTeamCountry "GER"]
[BlackTeamCountry "GER"]

1. c4 g6 2. g3 Bg7 3. Bg2 e5 4. Nc3 Nc6 5. e4 d6 6. Nge2 Be6 7. d3 Nge7 8. Nd5 0-0 9. 0-0 Qd7 10. Be3 f5 11. Qd2 Rf7 12. Bg5 Raf8 13. Rac1 fxe4 14. dxe4 Bg4 15. Nxe7+ Nxe7 16. c5 Nc6 17. cxd6 cxd6 18. Be3 h5 19. Rc3 Kh7 20. Rd3 Bf3 21. h3 Qe6 22. b3 Bxg2 23. Kxg2 Rd8 24. Rd1 Bf8 25. Ng1 Be7 26. f3 Rg8 27. h4 Rgf8 28. Rf1 b6 29. Nh3 Nd8 30. Bg5 Kg8 31. Bxe7 Qxe7 32. Rxd6 Rg7 33. Ng5 Kh8 34. Rd1 Nb7 35. Rd7 1-0

[Event "Oberliga Ost-A 1920"]
[Site "Germany"]
[Date "2020.01.19"]
[Round "7.3"]
[White "Sandner, Gunter"]
[Black "Jahnel, Guenther"]
[Result "1-0"]
[WhiteElo "2275"]
[BlackElo "2186"]
[PlyCount "103"]
[EventDate "2019.09.29"]
[EventType "team-tourn"]
[EventRounds "11"]
[EventCountry "GER"]
[SourceTitle "EXT 2021"]
[Source "ChessBase"]
[SourceDate "2020.10.23"]
[SourceVersion "1"]
[SourceVersionDate "2020.10.23"]
[SourceQuality "1"]
[WhiteTeam "Plauen Koenig"]
[BlackTeam "Hoyerswerda"]
[WhiteTeamCountry "GER"]
[BlackTeamCountry "GER"]

1. Nf3 Nf6 2. b3 g6 3. Bb2 Bg7 4. g3 0-0 5. Bg2 d6 6. d4 a5 7. c4 Nc6 8. Nc3 Bd7 9. 0-0 Qc8 10. Re1 Bh3 11. Bh1 Bg4 12. d5 Nd8 13. Qd2 e5 14. dxe6 Nxe6 15. Nd5 Nxd5 16. Bxg7 Kxg7 17. cxd5 Nc5 18. Nd4 Qd8 19. Qf4 Bd7 20. Bf3 Re8 21. a3 Re5 22. b4 axb4 23. axb4 Rxa1 24. Rxa1 Na6 25. Qd2 h5 26. Qc3 Kh7 27. Bg2 Bg4 28. e3 h4 29. f4 Re8 30. Kf2 Qf6 31. Ra3 Bd7 32. Bf1 Qd8 33. Bxa6 bxa6 34. Rxa6 Qb8 35. Nc6 Qb5 36. Ra5 Qb6 37. Ra2 Bf5 38. Qf6 Rf8 39. Qd4 Qxd4 40. Nxd4 Be4 41. Ra7 Bxd5 42. Rxc7 hxg3+ 43. hxg3 Ra8 44. e4 Bxe4 45. Rxf7+ Kh6 46. g4 Ra3 47. Re7 Bd5 48. b5 Rd3 49. Ne6 Rb3 50. Nc7 Bg8 51. Ne8 Rxb5 52. Nf6 1-0

[Event "Oberliga Ost-A 1920"]
[Site "Germany"]
[Date "2020.01.18"]
[Round "6.3"]
[White "Jahnel, Guenther"]
[Black "Beyer, Christof"]
[Result "1-0"]
[WhiteElo "2186"]
[BlackElo "2013"]
[PlyCount "97"]
[EventDate "2019.09.29"]
[EventType "team-tourn"]
[EventRounds "11"]
[EventCountry "GER"]
[SourceTitle "EXT 2021"]
[Source "ChessBase"]
[SourceDate "2020.10.23"]
[SourceVersion "1"]
[SourceVersionDate "2020.10.23"]
[SourceQuality "1"]
[WhiteTeam "Hoyerswerda"]
[BlackTeam "Plauen Koenig II"]
[WhiteTeamCountry "GER"]
[BlackTeamCountry "GER"]

1. d4 Nf6 2. c4 c5 3. d5 e6 4. Nc3 exd5 5. cxd5 d6 6. Nf3 g6 7. e4 a6 8. a4 Bg4 9. Be2 Bxf3 10. Bxf3 Bg7 11. 0-0 0-0 12. Bf4 Re8 13. Re1 Qc7 14. h3 Nbd7 15. Qc2 Rab8 16. Be2 c4 17. a5 b5 18. axb6 Qxb6 19. Bxc4 Nh5 20. Bc1 a5 21. Ra2 Rec8 22. Be2 Nhf6 23. Be3 Nc5 24. f3 Qb4 25. Rd1 Nfd7 26. Bf2 Nb3 27. Bf1 Rc7 28. Kh1 Rbc8 29. Be1 Qb6 30. Ra3 Nd4 31. Qf2 Rb8 32. Na4 Qa7 33. Rc3 Nc5 34. Rxd4 Bxd4 35. Qxd4 Nxa4 36. Qxa4 Rxb2 37. Qe8+ Kg7 38. Qd8 Rd7 39. Qc8 Rb1 40. Rc1 Rxc1 41. Qxc1 a4 42. Bb5 Rb7 43. Bc3+ f6 44. Qf4 Rf7 45. Qxd6 a3 46. e5 a2 47. exf6+ Kg8 48. Qe5 Qc5 49. Be8 1-0

[Event "Oberliga Ost-A 1920"]
[Site "Germany"]
[Date "2019.09.29"]
[Round "1.4"]
[White "Zimmermann, Rene"]
[Black "Jahnel, Guenther"]
[Result "1/2-1/2"]
[WhiteElo "2200"]
[BlackElo "2186"]
[PlyCount "60"]
[EventDate "2019.09.29"]
[EventType "team-tourn"]
[EventRounds "11"]
[EventCountry "GER"]
[SourceTitle "EXT 2021"]
[Source "ChessBase"]
[SourceDate "2020.10.23"]
[SourceVersion "1"]
[SourceVersionDate "2020.10.23"]
[SourceQuality "1"]
[WhiteTeam "Dresden Gruen Weiss"]
[BlackTeam "Hoyerswerda"]
[WhiteTeamCountry "GER"]
[BlackTeamCountry "GER"]

1. Nf3 Nf6 2. c4 c5 3. Nc3 g6 4. d4 Bg7 5. e4 0-0 6. Be2 d6 7. h3 Nbd7 8. 0-0 a6 9. Be3 b6 10. d5 Ne8 11. Qd2 Rb8 12. a4 Ne5 13. Ne1 f5 14. exf5 gxf5 15. Bh6 Ng6 16. Bxg7 Nxg7 17. f4 Qe8 18. Nf3 Qf7 19. Rae1 Bd7 20. Bd3 Qf6 21. Rf2 Kh8 22. Kh2 Rbe8 23. Bf1 Nh5 24. g3 Rg8 25. Rg2 h6 26. b3 Ref8 27. Ne2 Rb8 28. Nc3 Rbf8 29. Ne2 Rb8 30. Nc3 Rbf8 1/2-1/2

[Event "Wiesbaden op 31st"]
[Site "Wiesbaden"]
[Date "2019.08.24"]
[Round "4"]
[White "Wunschik, Joachim"]
[Black "Jahnel, Guenther"]
[Result "0-1"]
[WhiteElo "1837"]
[BlackElo "2188"]
[PlyCount "94"]
[EventDate "2019.08.22"]
[EventType "swiss"]
[EventRounds "7"]
[EventCountry "GER"]
[SourceTitle "EXT 2020"]
[Source "ChessBase"]
[SourceDate "2019.10.17"]
[SourceVersion "1"]
[SourceVersionDate "2019.10.17"]
[SourceQuality "1"]

1. d4 Nf6 2. c4 g6 3. Nc3 Bg7 4. g3 0-0 5. Bg2 c5 6. d5 d6 7. Nf3 a6 8. 0-0 b5 9. cxb5 axb5 10. Nxb5 Ba6 11. Nc3 Nbd7 12. Re1 Qb6 13. Bh3 Rfb8 14. Rb1 Qb7 15. Be3 h5 16. Qd2 Nb6 17. Bh6 Nbxd5 18. Bxg7 Kxg7 19. Ng5 Nxc3 20. Qxc3 Qd5 21. Qe3 Bb7 22. Nf3 Qe4 23. Qc3 Rxa2 24. Bg2 Qa4 25. Ng5 Bxg2 26. Kxg2 Rb3 27. Qd2 Qb4 28. Qxb4 Rxb4 29. e4 Rbxb2 30. Rxb2 Rxb2 31. h3 Nd7 32. Ra1 Rb7 33. f4 Nf8 34. Ra3 Ne6 35. Nxe6+ fxe6 36. g4 c4 37. Rc3 Rb2+ 38. Kg1 d5 39. f5 hxg4 40. fxe6 dxe4 41. hxg4 Rb3 42. Rxc4 Rg3+ 43. Kf2 Rxg4 44. Ke3 Kf6 45. Rc6 Ke5 46. Ra6 Rg3+ 47. Kf2 Rb3 0-1

[Event "Oberliga Ost-A 1819"]
[Site "Germany"]
[Date "2019.04.07"]
[Round "11.6"]
[White "Jahnel, Guenther"]
[Black "Dietze, Frank Heinz"]
[Result "1/2-1/2"]
[WhiteElo "2208"]
[BlackElo "2105"]
[PlyCount "40"]
[EventDate "2018.10.21"]
[EventType "team-tourn"]
[EventRounds "11"]
[EventCountry "GER"]
[SourceTitle "EXT 2020"]
[Source "ChessBase"]
[SourceDate "2019.10.17"]
[SourceVersion "1"]
[SourceVersionDate "2019.10.17"]
[SourceQuality "1"]
[WhiteTeam "Hoyerswerda"]
[BlackTeam "Leipzig SG II"]
[WhiteTeamCountry "GER"]
[BlackTeamCountry "GER"]

1. d4 Nf6 2. c4 g6 3. Nc3 Bg7 4. Nf3 0-0 5. Bg5 c5 6. d5 h6 7. Bf4 d6 8. Qd2 g5 9. Bg3 Nh5 10. e4 f5 11. exf5 Bxf5 12. Bd3 Bxd3 13. Qxd3 Nf4 14. Bxf4 Rxf4 15. Ne2 Rf7 16. h4 Qa5+ 17. Kf1 g4 18. Nh2 Nd7 19. Nxg4 h5 20. Ne3 Raf8 1/2-1/2

[Event "Oberliga Ost-A 1819"]
[Site "Germany"]
[Date "2019.03.24"]
[Round "9.5"]
[White "Niering, Martin"]
[Black "Jahnel, Guenther"]
[Result "1-0"]
[WhiteElo "2198"]
[BlackElo "2208"]
[PlyCount "83"]
[EventDate "2018.10.21"]
[EventType "team-tourn"]
[EventRounds "11"]
[EventCountry "GER"]
[SourceTitle "EXT 2020"]
[Source "ChessBase"]
[SourceDate "2019.10.17"]
[SourceVersion "1"]
[SourceVersionDate "2019.10.17"]
[SourceQuality "1"]
[WhiteTeam "Magdeburg Rochade"]
[BlackTeam "Hoyerswerda"]
[WhiteTeamCountry "GER"]
[BlackTeamCountry "GER"]

1. e4 d6 2. d4 Nf6 3. Nc3 g6 4. Be3 c6 5. Qd2 b5 6. f3 Bg7 7. 0-0-0 Qa5 8. Kb1 b4 9. Nce2 Nbd7 10. Nc1 Rb8 11. g4 Qc7 12. g5 Nh5 13. Nge2 c5 14. Ng3 Nxg3 15. hxg3 c4 16. b3 c3 17. Qf2 Qa5 18. a4 bxa3 19. Ka2 d5 20. Nd3 Ba6 21. Bf4 Rc8 22. Bh3 Bxd3 23. Rxd3 e6 24. Qh2 Nb6 25. Bd6 Rd8 26. Bc5 Nd7 27. exd5 Nxc5 28. dxc5 Qxc5 29. Rhd1 exd5 30. Qe2+ Kf8 31. f4 h6 32. Qg2 d4 33. f5 hxg5 34. fxg6 Rh6 35. gxf7 Rf6 36. Rf1 Rdd6 37. Qe4 Kxf7 38. Re1 Kg8 39. Qe8+ Rf8 40. Be6+ Rxe6 41. Qxe6+ Rf7 42. Rf3 1-0

[Event "Oberliga Ost-A 1819"]
[Site "Germany"]
[Date "2019.03.23"]
[Round "8.5"]
[White "Jahnel, Guenther"]
[Black "Merkert, Maximilian"]
[Result "1/2-1/2"]
[WhiteElo "2208"]
[BlackElo "2249"]
[PlyCount "133"]
[EventDate "2018.10.21"]
[EventType "team-tourn"]
[EventRounds "11"]
[EventCountry "GER"]
[SourceTitle "EXT 2020"]
[Source "ChessBase"]
[SourceDate "2019.10.17"]
[SourceVersion "1"]
[SourceVersionDate "2019.10.17"]
[SourceQuality "1"]
[WhiteTeam "Hoyerswerda"]
[BlackTeam "Magdeburg Aufbau Elbe"]
[WhiteTeamCountry "GER"]
[BlackTeamCountry "GER"]

1. d4 f5 2. Nf3 Nf6 3. g3 g6 4. Bg2 Bg7 5. 0-0 0-0 6. c4 d6 7. Nc3 Qe8 8. Nd5 Nxd5 9. cxd5 Nd7 10. Qb3 Nf6 11. Ng5 Rb8 12. Qc4 Qd8 13. Be3 h6 14. Nh3 b5 15. Qc2 g5 16. Rac1 f4 17. Bd2 Qe8 18. gxf4 g4 19. Ng5 hxg5 20. fxg5 Nh5 21. Qxc7 Rb7 22. Qc3 Qg6 23. e4 Bd7 24. f4 gxf3 25. Rxf3 Rc8 26. Qd3 Rxc1+ 27. Bxc1 Rc7 28. Be3 a6 29. Rf2 Rc8 30. a4 Rf8 31. Rxf8+ Bxf8 32. axb5 axb5 33. Qd2 e6 34. dxe6 Bxe6 35. Qa5 Bd7 36. Qa8 Kf7 37. Qd8 Bg4 38. h3 Be2 39. Qd7+ Kg8 40. Kf2 Bd3 41. Qg4 Bc4 42. d5 Ng7 43. h4 Qe8 44. Bd4 Qh5 45. Bf3 Qxg4 46. Bxg4 Be7 47. Be3 Bb3 48. Kg3 Ne8 49. h5 Bc2 50. Kf4 Nc7 51. Bf5 b4 52. h6 Nb5 53. Bd7 Bd3 54. Kf5 Nc7 55. g6 Bf8 56. Bb6 Nb5 57. Kf6 Bxh6 58. b3 Nc3 59. Ba5 Bxe4 60. Be6+ Kf8 61. Bxb4 Nxd5+ 62. Bxd5 Bxd5 63. Bxd6+ Kg8 64. b4 Bg7+ 65. Kf5 Bc4 66. Bc5 Bc3 67. Ke4 1/2-1/2

[Event "Oberliga Ost-A 1819"]
[Site "Germany"]
[Date "2019.02.02"]
[Round "6.5"]
[White "Jahnel, Guenther"]
[Black "Kunze, Christopher"]
[Result "1-0"]
[WhiteElo "2208"]
[BlackElo "2136"]
[PlyCount "75"]
[EventDate "2018.10.21"]
[EventType "team-tourn"]
[EventRounds "11"]
[EventCountry "GER"]
[SourceTitle "EXT 2020"]
[Source "ChessBase"]
[SourceDate "2019.10.17"]
[SourceVersion "1"]
[SourceVersionDate "2019.10.17"]
[SourceQuality "1"]
[WhiteTeam "Hoyerswerda"]
[BlackTeam "Dresden Gruen Weiss"]
[WhiteTeamCountry "GER"]
[BlackTeamCountry "GER"]

1. d4 Nf6 2. c4 g6 3. Nc3 Bg7 4. Nf3 0-0 5. Bg5 d6 6. e3 c6 7. Be2 Nbd7 8. 0-0 Re8 9. Bh4 Qc7 10. h3 a6 11. a4 b6 12. Rc1 c5 13. Bg3 Rf8 14. Re1 Bb7 15. d5 Ne5 16. Nd2 Rad8 17. f4 Ned7 18. e4 e5 19. dxe6 fxe6 20. Rf1 Bh6 21. f5 exf5 22. exf5 Ne5 23. fxg6 hxg6 24. Rc2 Qc6 25. Nf3 Nh5 26. Nd5 Rde8 27. Nxe5 Rxf1+ 28. Qxf1 dxe5 29. Bxh5 gxh5 30. Nf6+ Kg7 31. Nxe8+ Qxe8 32. Qf5 e4 33. Be5+ Kg8 34. Rc3 e3 35. Qf6 Kh7 36. Kh2 Be4 37. Rxe3 Bg6 38. Bf4 1-0

[Event "Berlin Spandau op"]
[Site "Berlin"]
[Date "2018.12.29"]
[Round "6"]
[White "Jahnel, Guenther"]
[Black "Hansch, Torsten"]
[Result "1/2-1/2"]
[WhiteElo "2213"]
[BlackElo "2120"]
[PlyCount "36"]
[EventDate "2018.12.27"]
[EventType "swiss"]
[EventRounds "7"]
[EventCountry "GER"]
[SourceTitle "CBM 188 Extra"]
[Source "ChessBase"]
[SourceDate "2019.02.26"]
[SourceVersion "1"]
[SourceVersionDate "2019.02.26"]
[SourceQuality "1"]

1. d4 d5 2. c4 e6 3. Nc3 Be7 4. Nf3 Nf6 5. Qc2 0-0 6. Bg5 Nbd7 7. e3 c5 8. cxd5 exd5 9. dxc5 Nxc5 10. Rd1 Qa5 11. Nd4 Nce4 12. Nb3 Qb6 13. Bxf6 Nxf6 14. Be2 Be6 15. 0-0 Rac8 16. Qd3 Rfd8 17. Bf3 d4 18. exd4 Bc4 1/2-1/2

[Event "Berlin Spandau op"]
[Site "Berlin"]
[Date "2018.12.29"]
[Round "5"]
[White "Janasik, Gerhard"]
[Black "Jahnel, Guenther"]
[Result "0-1"]
[WhiteElo "2038"]
[BlackElo "2213"]
[PlyCount "42"]
[EventDate "2018.12.27"]
[EventType "swiss"]
[EventRounds "7"]
[EventCountry "GER"]
[SourceTitle "CBM 188 Extra"]
[Source "ChessBase"]
[SourceDate "2019.02.26"]
[SourceVersion "1"]
[SourceVersionDate "2019.02.26"]
[SourceQuality "1"]

1. e4 d6 2. f4 Nf6 3. Nc3 g6 4. d4 Bg7 5. h3 0-0 6. Be3 c5 7. d5 b5 8. Bxb5 Nxe4 9. Nxe4 Qa5+ 10. Nc3 Bxc3+ 11. bxc3 Qxb5 12. Ne2 Ba6 13. Rb1 Qc4 14. Kf2 Nd7 15. f5 Nf6 16. Nf4 Ne4+ 17. Kg1 Nxc3 18. Qg4 Nxb1 19. Qg5 Qxc2 20. g4 Nd2 21. Qh6 Nf3# 0-1

[Event "Oberliga Ost-A 1819"]
[Site "Germany"]
[Date "2018.11.10"]
[Round "2.5"]
[White "Jahnel, Guenther"]
[Black "Schindler, Christian"]
[Result "1-0"]
[WhiteElo "2208"]
[BlackElo "2195"]
[PlyCount "85"]
[EventDate "2018.10.21"]
[EventType "team-tourn"]
[EventRounds "11"]
[EventCountry "GER"]
[SourceTitle "EXT 2020"]
[Source "ChessBase"]
[SourceDate "2019.10.17"]
[SourceVersion "1"]
[SourceVersionDate "2019.10.17"]
[SourceQuality "1"]
[WhiteTeam "Hoyerswerda"]
[BlackTeam "Loeberitz"]
[WhiteTeamCountry "GER"]
[BlackTeamCountry "GER"]

1. d4 c5 2. d5 Nf6 3. c4 b5 4. cxb5 a6 5. b6 d6 6. Nc3 g6 7. Nf3 Qxb6 8. e4 Nbd7 9. Be2 Bg7 10. Nd2 0-0 11. Nc4 Qc7 12. Bf4 a5 13. 0-0 Ba6 14. Na3 Rfb8 15. Bxa6 Rxa6 16. Qe2 Raa8 17. Nab5 Qb7 18. a4 Ne8 19. h4 Nc7 20. Nxc7 Qxc7 21. Nb5 Qb7 22. Rac1 Nb6 23. b3 Rd8 24. h5 Nd7 25. Bd2 Nf6 26. hxg6 hxg6 27. Rc3 Ne8 28. Rh3 Nc7 29. Nxc7 Qxc7 30. Qg4 Kf8 31. f4 Qc8 32. f5 Ke8 33. Rh7 Bd4+ 34. Kh2 Be5+ 35. Bf4 gxf5 36. Qg8+ Kd7 37. Qxf7 Bxf4+ 38. Rxf4 Re8 39. exf5 Kc7 40. Re4 Kb6 41. Rxe7 Rxe7 42. Qxe7 Qxf5 43. Qb7# 1-0

[Event "Wiesbaden op 30th"]
[Site "Wiesbaden"]
[Date "2018.08.26"]
[Round "7"]
[White "Jahnel, Guenther"]
[Black "Bauer, Claus"]
[Result "1/2-1/2"]
[WhiteElo "2195"]
[BlackElo "2121"]
[PlyCount "94"]
[EventDate "2018.08.23"]
[EventType "swiss"]
[EventRounds "7"]
[EventCountry "GER"]
[SourceTitle "CBM 186 Extra"]
[Source "ChessBase"]
[SourceDate "2018.08.24"]
[SourceVersion "1"]
[SourceVersionDate "2018.08.24"]
[SourceQuality "1"]

1. d4 d6 2. Nf3 Nf6 3. c4 Nbd7 4. Nc3 e5 5. g3 Be7 6. Bg2 c6 7. 0-0 0-0 8. Qc2 Re8 9. Rd1 Qc7 10. e4 a6 11. a4 a5 12. b3 g6 13. Ba3 exd4 14. Nxd4 Nc5 15. h3 Bf8 16. Bc1 Bd7 17. Bf4 Rad8 18. Rd2 Bc8 19. Rad1 Qb6 20. g4 h5 21. g5 Nfd7 22. Be3 Bg7 23. Nce2 Re7 24. f3 Rde8 25. Bf2 Be5 26. Rb1 Qc7 27. h4 Bg7 28. Bg3 Ne5 29. Nc3 Qb6 30. Bf2 Qc7 31. Nd1 Kh7 32. Ne3 Kg8 33. Rbd1 Qb6 34. Qb1 Qc7 35. Ne2 Bh3 36. Bg3 Qc8 37. Rf1 Bxg2 38. Kxg2 Nxf3 39. Rxf3 Nxe4 40. Rd3 Nc5 41. Ng1 Nxd3 42. Qxd3 Re4 43. Nh3 Qe6 44. Nf4 Rxe3 45. Nxe6 Rxd3 46. Rxd3 Rxe6 47. Bxd6 Re4 1/2-1/2

[Event "Wiesbaden op 30th"]
[Site "Wiesbaden"]
[Date "2018.08.24"]
[Round "2"]
[White "Rutsatz, Mario"]
[Black "Jahnel, Guenther"]
[Result "0-1"]
[WhiteElo "1999"]
[BlackElo "2195"]
[PlyCount "52"]
[EventDate "2018.08.23"]
[EventType "swiss"]
[EventRounds "7"]
[EventCountry "GER"]
[SourceTitle "CBM 186 Extra"]
[Source "ChessBase"]
[SourceDate "2018.08.24"]
[SourceVersion "1"]
[SourceVersionDate "2018.08.24"]
[SourceQuality "1"]

1. c4 g6 2. g3 Bg7 3. Bg2 e5 4. Nc3 Nc6 5. Rb1 Nge7 6. b4 0-0 7. b5 Nd4 8. e3 Ne6 9. Nge2 f5 10. f4 d6 11. Nd5 a6 12. a4 axb5 13. axb5 e4 14. Bb2 Bxb2 15. Rxb2 Nc5 16. Nc1 Be6 17. Nxe7+ Qxe7 18. Qc2 Ra4 19. Bf1 Qf7 20. d4 exd3 21. Bxd3 Nxd3+ 22. Nxd3 Ra1+ 23. Rb1 Rxb1+ 24. Qxb1 Bxc4 25. Kf2 Ra8 26. Nc1 Qd5 0-1

[Event "Wiesbaden op 29th"]
[Site "Wiesbaden"]
[Date "2017.08.26"]
[Round "4"]
[White "Jahnel, Guenther"]
[Black "Speck, Stefan"]
[Result "1-0"]
[WhiteElo "2222"]
[BlackElo "2000"]
[PlyCount "59"]
[EventDate "2017.08.24"]
[EventType "swiss"]
[EventRounds "7"]
[EventCountry "GER"]
[SourceTitle "CBM 180 Extra"]
[Source "ChessBase"]
[SourceDate "2017.10.06"]
[SourceVersion "1"]
[SourceVersionDate "2017.10.06"]
[SourceQuality "1"]

1. d4 c5 2. d5 e6 3. c4 exd5 4. cxd5 d6 5. Nc3 Ne7 6. Nf3 Ng6 7. e3 Be7 8. Be2 0-0 9. Nd2 Na6 10. 0-0 Nc7 11. f4 Rb8 12. a4 b6 13. Nde4 f5 14. Ng3 a6 15. e4 fxe4 16. Ncxe4 Bb7 17. f5 Ne5 18. Nc3 Qd7 19. Bf3 b5 20. Be4 Ne8 21. Nh5 Nf6 22. Nxf6+ Bxf6 23. Ne2 Nc4 24. Qc2 Qe7 25. axb5 axb5 26. Nf4 Qe5 27. Ne6 Rf7 28. Rd1 Bc8 29. Ra2 Bxe6 30. dxe6 1-0

[Event "Oberliga Ost-A 1617"]
[Site "Germany"]
[Date "2017.05.06"]
[Round "10.3"]
[White "Niering, Martin"]
[Black "Jahnel, Guenther"]
[Result "1-0"]
[WhiteElo "2226"]
[BlackElo "2270"]
[PlyCount "141"]
[EventDate "2016.10.16"]
[EventType "team-tourn"]
[EventRounds "11"]
[EventCountry "GER"]
[SourceTitle "EXT 2018"]
[Source "ChessBase"]
[SourceDate "2017.10.13"]
[SourceVersion "1"]
[SourceVersionDate "2017.10.13"]
[SourceQuality "1"]
[WhiteTeam "Magdeburg Rochade"]
[BlackTeam "Hoyerswerda"]
[WhiteTeamCountry "GER"]
[BlackTeamCountry "GER"]

1. e4 d6 2. d4 Nf6 3. Nc3 g6 4. Be3 c6 5. Nf3 Bg7 6. h3 Qc7 7. Bd3 Nbd7 8. 0-0 0-0 9. Qd2 e5 10. dxe5 dxe5 11. Ne2 Re8 12. Ng3 Nf8 13. a4 Ne6 14. Bc4 Bd7 15. Ng5 Nxg5 16. Bxg5 Be6 17. Bxe6 Rxe6 18. Rfd1 Bf8 19. Qc3 b6 20. Qf3 Ne8 21. c3 h6 22. Be3 Rd8 23. Nf1 Red6 24. Nh2 h5 25. Nf1 Ng7 26. b4 Ne6 27. Rxd6 Rxd6 28. a5 b5 29. Rd1 a6 30. Bb6 Qd7 31. Rxd6 Qxd6 32. h4 c5 33. Ne3 cxb4 34. cxb4 Nf4 35. g3 Ne6 36. Nd5 Bg7 37. Qc3 Qd7 38. Bc5 Kh8 39. Be7 Nd4 40. Kg2 Nc6 41. Bc5 f5 42. Qe3 Nd4 43. Ne7 Qb7 44. Nxg6+ Kh7 45. Nxe5 Nc2 46. Qf4 Qxe4+ 47. Qxe4 fxe4 48. Nc6 Bc3 49. Kf1 Kg7 50. Ke2 Kf7 51. Kd1 Ne1 52. Bd4 Bxd4 53. Nxd4 Nd3 54. Nc6 Ke6 55. Ke2 Kd5 56. Nb8 Nxb4 57. g4 hxg4 58. h5 Ke5 59. h6 Kf6 60. Ke3 Kg6 61. Kf4 Kxh6 62. Kxg4 Nd3 63. Nxa6 Kg6 64. Nc7 Nxf2+ 65. Kg3 e3 66. a6 Ne4+ 67. Kf3 Nd2+ 68. Kxe3 Nc4+ 69. Kd4 Kf6 70. a7 Nb6 71. Nd5+ 1-0

[Event "Oberliga Ost-A 1617"]
[Site "Germany"]
[Date "2017.04.23"]
[Round "9.1"]
[White "Hoepfl, Thomas"]
[Black "Jahnel, Guenther"]
[Result "1/2-1/2"]
[WhiteElo "2288"]
[BlackElo "2270"]
[PlyCount "37"]
[EventDate "2016.10.16"]
[EventType "team-tourn"]
[EventRounds "11"]
[EventCountry "GER"]
[SourceTitle "EXT 2018"]
[Source "ChessBase"]
[SourceDate "2017.10.13"]
[SourceVersion "1"]
[SourceVersionDate "2017.10.13"]
[SourceQuality "1"]
[WhiteTeam "Halle USV"]
[BlackTeam "Hoyerswerda"]
[WhiteTeamCountry "GER"]
[BlackTeamCountry "GER"]

1. e4 d6 2. d4 Nf6 3. Nc3 g6 4. Be3 c6 5. Qd2 b5 6. Bd3 Bg7 7. h3 Nbd7 8. Nf3 Qc7 9. 0-0 0-0 10. Ne2 e5 11. c3 Re8 12. Ng3 a6 13. Bh6 Bh8 14. Rfe1 Nf8 15. Rad1 Be6 16. b3 Rad8 17. Ng5 Bc8 18. Nf3 Ne6 19. Bc2 1/2-1/2

[Event "Oberliga Ost-A 1617"]
[Site "Germany"]
[Date "2017.01.15"]
[Round "5.2"]
[White "Wichmann, Cliff"]
[Black "Jahnel, Guenther"]
[Result "1-0"]
[WhiteElo "2314"]
[BlackElo "2270"]
[PlyCount "149"]
[EventDate "2016.10.16"]
[EventType "team-tourn"]
[EventRounds "11"]
[EventCountry "GER"]
[SourceTitle "EXT 2018"]
[Source "ChessBase"]
[SourceDate "2017.10.13"]
[SourceVersion "1"]
[SourceVersionDate "2017.10.13"]
[SourceQuality "1"]
[WhiteTeam "Aue Nickelhuette II"]
[BlackTeam "Hoyerswerda"]
[WhiteTeamCountry "GER"]
[BlackTeamCountry "GER"]

1. d4 d6 2. Nf3 Nf6 3. c4 g6 4. Nc3 Bg7 5. e4 0-0 6. Be2 e5 7. Be3 exd4 8. Nxd4 Re8 9. f3 Nbd7 10. 0-0 c6 11. Qd2 Nb6 12. Rad1 d5 13. Qc1 Bd7 14. cxd5 cxd5 15. Ndb5 Bc6 16. Bf2 a6 17. Nd4 Bd7 18. Nb3 Rc8 19. Nc5 Qe7 20. Nxd7 Nbxd7 21. exd5 Qd6 22. Qd2 b5 23. Rfe1 Ne5 24. b3 b4 25. Na4 Red8 26. Nb6 Rb8 27. Nc4 Nxc4 28. Bxc4 Nd7 29. Bg3 Be5 30. Bxe5 Nxe5 31. Qd4 Re8 32. Bf1 a5 33. Rc1 f5 34. Red1 Red8 35. f4 Nf7 36. Rc6 Qd7 37. Qc5 Nd6 38. Rc7 Qe8 39. Qd4 Rd7 40. Re1 Rxc7 41. Rxe8+ Rxe8 42. Qb6 Rd7 43. Qxa5 Rb8 44. h3 Rbb7 45. Ba6 Rb8 46. Bc4 Kf7 47. Qc5 h5 48. Kh2 Kg7 49. Bd3 Kh7 50. Kg3 Kh6 51. Kf3 Kh7 52. Qd4 Rbb7 53. Qf6 Ne8 54. Qf8 Nd6 55. g4 hxg4+ 56. hxg4 fxg4+ 57. Kxg4 Nf7 58. f5 Nh6+ 59. Kg5 Nxf5 60. Bxf5 gxf5 61. Qxf5+ Kg8 62. Qe6+ Kf8 63. d6 Rf7 64. Kg6 Rbd7 65. Qe5 Rg7+ 66. Kf5 Rh7 67. Ke6 Rb7 68. Qf4+ Ke8 69. Kd5 Rhf7 70. Qe3+ Kd8 71. Kc6 Rg7 72. Qh3 Rh7 73. Qg4 Rbg7 74. Qxb4 Kc8 75. Qa5 1-0

[Event "Wiesbaden op 28th"]
[Site "Wiesbaden"]
[Date "2016.08.27"]
[Round "4"]
[White "Jahnel, Guenther"]
[Black "Tuchtfeld, Juergen"]
[Result "1/2-1/2"]
[WhiteElo "2272"]
[BlackElo "1957"]
[PlyCount "29"]
[EventDate "2016.08.25"]
[EventType "swiss"]
[EventRounds "7"]
[EventCountry "GER"]
[SourceTitle "CBM 174 Extra"]
[Source "ChessBase"]
[SourceDate "2016.10.10"]
[SourceVersion "1"]
[SourceVersionDate "2016.10.10"]
[SourceQuality "1"]

1. d4 d5 2. c4 Bf5 3. Nc3 e6 4. Nf3 Nc6 5. cxd5 exd5 6. a3 Nf6 7. Bg5 Be7 8. e3 Ne4 9. Bxe7 Nxe7 10. Rc1 c6 11. Bd3 Nd6 12. Bxf5 Nexf5 13. 0-0 0-0 14. Qc2 Rc8 15. Na4 1/2-1/2

[Event "Wiesbaden op 28th"]
[Site "Wiesbaden"]
[Date "2016.08.27"]
[Round "5"]
[White "Zimmer, Gerald"]
[Black "Jahnel, Guenther"]
[Result "0-1"]
[WhiteElo "1939"]
[BlackElo "2272"]
[PlyCount "86"]
[EventDate "2016.08.25"]
[EventType "swiss"]
[EventRounds "7"]
[EventCountry "GER"]
[SourceTitle "CBM 174 Extra"]
[Source "ChessBase"]
[SourceDate "2016.10.10"]
[SourceVersion "1"]
[SourceVersionDate "2016.10.10"]
[SourceQuality "1"]

1. d4 Nf6 2. Nf3 g6 3. g3 Bg7 4. Bg2 0-0 5. 0-0 d6 6. c4 Nc6 7. d5 Na5 8. Na3 c5 9. Re1 a6 10. e4 Nd7 11. Qc2 b5 12. cxb5 axb5 13. Nxb5 Ba6 14. Nc3 Qb6 15. Na4 Qa7 16. Rb1 Nc4 17. b3 Nce5 18. Nxe5 Nxe5 19. Rd1 Bb5 20. Nc3 Bd7 21. h3 f5 22. a4 fxe4 23. Nxe4 c4 24. Be3 Qa6 25. Bf1 cxb3 26. Rxb3 Qxa4 27. f4 Bf5 28. Bg2 Rfc8 29. Qb1 Nc4 30. Bf2 Nb2 31. Rxb2 Bxb2 32. Re1 Rab8 33. Qd3 Rb3 34. Qe2 Rb4 35. Ng5 Bf6 36. g4 Rc2 37. Qe3 Bc8 38. Qd3 Rbb2 39. Ne4 Bg7 40. Bf3 Qa2 41. Bd4 Rg2+ 42. Bxg2 Rxg2+ 43. Kf1 Bxd4 0-1